| 000 | 00455nam a2200169Ia 4500 | ||
|---|---|---|---|
| 008 | 210716s2004 xx 000 0 und d | ||
| 020 | _a8178810883 | ||
| 041 | _aeng | ||
| 082 | _a658.84 PRAR | ||
| 100 | _aPrasad, R. | ||
| 245 |
_aDigital marketing: Approches and applications. _bApproches and applications. |
||
| 250 | _a1 | ||
| 260 |
_aHyderabad _bICFAI University Press _c2004 |
||
| 300 | _axii,176 | ||
| 650 | _aMarketing | ||
| 700 | _aPrasad, R. | ||
| 999 |
_c202313 _d202313 |
||